| Tag |
First Indicator |
Second Indicator |
Subfields |
| LEADER |
00000cam a2200000 a 4500 |
| 001 |
in00001237754 |
| 005 |
20151003071904.0 |
| 008 |
940610s1994 cou b 001 0 eng |
| 010 |
|
|
|a 94026151
|
| 015 |
|
|
|a GB95-14938
|
| 019 |
|
|
|a 32087685
|
| 020 |
|
|
|a 081331805X (hardcover : acid-free paper)
|
| 020 |
|
|
|a 0813322650 (pbk. : acid-free paper)
|
| 035 |
|
|
|a (OCoLC)30701834
|
| 035 |
|
|
|9 AGT5379AM
|
| 040 |
|
|
|a DLC
|c DLC
|d IOG
|d UKM
|d TXA
|d UtOrBLW
|
| 043 |
|
|
|a ae-----
|
| 049 |
|
|
|a TXAM
|
| 050 |
0 |
0 |
|a JQ1499.A91
|b P65 1994
|
| 082 |
0 |
0 |
|a 321.8/095
|2 20
|
| 245 |
0 |
4 |
|a The politics of democratization :
|b generalizing East Asian experiences /
|c edited by Edward Friedman.
|
| 264 |
|
1 |
|a Boulder :
|b Westview Press,
|c 1994.
|
| 300 |
|
|
|a xi, 276 pages ;
|c 24 cm.
|
| 336 |
|
|
|a text
|b txt
|2 rdacontent
|
| 337 |
|
|
|a unmediated
|b n
|2 rdamedia
|
| 338 |
|
|
|a volume
|b nc
|2 rdacarrier
|
| 490 |
1 |
|
|a Transitions--Asia and Asian America
|
| 504 |
|
|
|a Includes bibliographical references and index.
|
| 505 |
0 |
|
|a Democratization : generalizing the East Asian experience / Edward Friedman -- Democratization, peace, and economic development in occupied Japan, 1945-1952 / Masanori Nakamura -- Japan's foreign policy and Asian democratization / David Arase -- New directions in Japanese foreign policy : promoting human rights and democracy in Asia--ODA perspective / Yasunobu Sato -- Making democracy : generalizing the South Korean case / Tun-jen Cheng and Eun Mee Kim -- Uncertain promise : democratic consolidation in South Korea / Heng Lee -- Decolonization without democracy : the birth of pluralistic politics in Hong Kong / Ming K. Chan -- Toward peaceful resolution of mainland-Taiwan conflicts : the promise of democratization / Hung-mao Tien -- Political liberalization and the farmers' movement in Taiwan / Hsin-Huang Michael Hsiao -- Problems of democratic reform in China / Su Shaozhi -- Social and cultural prerequisites of Democratization : generalizing from China / Stephen Manning.
|
| 541 |
0 |
|
|a Donated by Susan Dixon Richardson and Joe C. Richardson, Jr. for the Jayne and William H. Mobley Collection in Presidential Studies.
|
| 650 |
|
0 |
|a Democracy
|z East Asia.
|
| 651 |
|
0 |
|a East Asia
|x Politics and government.
|
| 651 |
|
4 |
|a East Asia
|x Politics and government.
|
| 700 |
1 |
|
|a Friedman, Edward.
|
| 830 |
|
0 |
|a Transitions--Asia and Asian America.
|
| 999 |
|
|
|a MARS
|
| 999 |
f |
f |
|s 106d8f53-2005-3362-a77b-e30176ac93c2
|i ae20a9f5-34d7-395f-a75e-6fecc30d257e
|t 0
|
| 952 |
f |
f |
|p ric
|a Texas A&M University
|b Rellis Campus
|c Joint Library Facility
|d Remote Storage
|t 0
|e JQ1499.A91 P65 1994
|h Library of Congress classification
|i unmediated -- volume
|m A14819462973
|
| 998 |
f |
f |
|a JQ1499.A91 P65 1994
|t 0
|l Remote Storage
|